| 000 | 00799 a2200193 4500 | ||
|---|---|---|---|
| 020 | _a0471697389 | ||
| 020 | _a9780471697381 | ||
| 082 | 0 | 4 | _a515.352 |
| 090 |
_c1502 _d1502 |
||
| 100 | 1 | _aStanoyevitch, Alexander. | |
| 245 | 1 | 0 |
_aIntroduction to numerical ordinary and partial differential equations using matlab / _cAlexander Stanoyevitch. |
| 250 | _a1st ed. | ||
| 260 |
_a[S.l.] : _bWiley-Interscience, _c2004. |
||
| 300 |
_a832 p. ; _c24 cm. |
||
| 490 | 1 | _aPure and applied mathematics: a wiley series of texts, monographs and tracts. | |
| 830 | 0 | _aPure and applied mathematics: a wiley series of texts, monographs and tracts. | |
| 942 |
_aSNS _cBK _k515.352 STA |
||
| 999 |
_c30113 _d30113 |
||